STN EN 10223-3: 2016 (15 3160), Oceľový drôt a drôtené výrobky na ploty a siete Časť 3 Výrobky zo sietí z oceľového drôtu so šesťuholníkovým okom určené na stavebné účely
Táto norma je slovenskou verziou európskej normy EN 10223-3: 2013. Preklad zabezpečil Úrad pre normalizáciu, metrológiu a skúšobníctvo Slovenskej republiky. Táto norma má rovnaké postavenie, ako majú oficiálne verzie
| Corporate Author: | |
|---|---|
| Other Authors: | , |
| Format: | Book |
| Language: | Slovak English |
| PhysicalDescription: | 24 s. obr., tab. 30 cm |
| Published: |
Bratislava
Úrad pre normalizáciu, metrológiu a skúšobníctvo Slovenskej republiky
2016
|
| Subjects: |
MARC
| LEADER | 00000cam a2200000 a 4500 | ||
|---|---|---|---|
| 001 | vtls011597351 | ||
| 003 | SK-MaSNL | ||
| 005 | 20260512081313.0 | ||
| 008 | 161202s2016 xo a fru 000 0 slo | ||
| 015 | |a SNBN2017 | ||
| 040 | |a SNK |b slo |c SNK |e AACR2 | ||
| 041 | 1 | |a slo |h eng | |
| 044 | |a xo |c SK | ||
| 046 | |a s |m 201612 (účin.) | ||
| 072 | 7 | |a 679 |x Výroba káblov, povrazov a lán. Priemysel kameňa |2 konspekt | |
| 072 | 7 | |a 624 |x Stavebné inžinierstvo |2 konspekt | |
| 072 | 7 | |a 672 |x Predmety zo železa a ocele |2 konspekt | |
| 080 | |a 62-426-034.14 |2 2001 | ||
| 080 | |a 672.85 |2 2001 | ||
| 080 | |a (437.6) |2 2001 | ||
| 080 | |a (4) |2 2001 | ||
| 080 | |a 679.73/.74-034.14 |2 2001 | ||
| 080 | |a (083.742) |2 2011 | ||
| 080 | |a 624.01/.07 |2 2011 | ||
| 084 | |a 77.140.65 |2 ICS | ||
| 130 | 0 | |a STN 15 3160 (STN EN 10223-3) |9 492227 | |
| 245 | 1 | 0 | |a STN EN 10223-3: 2016 (15 3160), Oceľový drôt a drôtené výrobky na ploty a siete |n Časť 3 |p Výrobky zo sietí z oceľového drôtu so šesťuholníkovým okom určené na stavebné účely |
| 246 | 1 | 0 | |a Oceľový drôt a drôtené výrobky na ploty a siete. Časť 3 |
| 246 | 1 | 0 | |a Výrobky zo sietí z oceľového drôtu so šesťuholníkovým okom určené na stavebné účely |
| 246 | 3 | 0 | |a EN 10223-3: 2013 SK |
| 260 | |a Bratislava |b Úrad pre normalizáciu, metrológiu a skúšobníctvo Slovenskej republiky |c 2016 | ||
| 300 | |a 24 s. |b obr., tab. |c 30 cm | ||
| 500 | |a Súbežný názov v angličtine, francúzštine, nemčine | ||
| 500 | |a Spracovateľ: MACCAFERRI CENTRAL EUROPE Senica, Peter Očko, Jaroslav Adamec | ||
| 500 | |a Táto norma nahrádza anglickú verziu STN EN 10223-3 z júna 2014, ktorá od 1.6.2014 nahradila STN EN 10223-3 zo septembra 2001 v celom rozsahu | ||
| 504 | |a Normatívne referenčné dokumenty s. 2 ; literatúra s. 24 | ||
| 520 | 8 | |a Táto norma je slovenskou verziou európskej normy EN 10223-3: 2013. Preklad zabezpečil Úrad pre normalizáciu, metrológiu a skúšobníctvo Slovenskej republiky. Táto norma má rovnaké postavenie, ako majú oficiálne verzie | |
| 540 | |a STN vydané na akomkoľvek nosiči sa môžu rozmnožovať a rozširovať iba so súhlasom určenej právnickej osoby |b SÚTN Bratislava |c zákon 264/1999 Z. z. | ||
| 650 | 0 | 7 | |a oceľové drôty |2 SNKPH |9 106546 |
| 650 | 0 | 7 | |a technické normy a štandardy |z Slovensko |2 SNKPH |9 79594 |
| 650 | 0 | 7 | |a technické normy a štandardy |z krajiny Európskej únie |2 SNKPH |9 289341 |
| 650 | 0 | 7 | |a steel wires |2 SNKPHeng |9 492228 |
| 650 | 0 | 7 | |a Wire netting |2 SNKPHeng |9 492229 |
| 650 | 0 | 7 | |a drôtené pletivá |2 SNKPH |9 177513 |
| 650 | 0 | 7 | |a stavebné konštrukcie |2 SNKPH |9 3695 |
| 650 | 0 | 7 | |a Structures |2 SNKPHeng |9 267357 |
| 655 | 7 | |a normy |2 SNKPH |9 70643 | |
| 700 | 1 | |a Očko, Peter |4 trl |9 492230 | |
| 700 | 1 | |a Adamec, Jaroslav |4 trl |9 451485 | |
| 710 | 1 | |a Slovensko. |b Úrad pre normalizáciu, metrológiu a skúšobníctvo |4 stn |9 158117 | |
| 710 | |a Slovenský ústav technickej normalizácie (Bratislava, Slovensko). |b Technická komisia č. 45 Oceľ, hliník a neželezné kovy |4 stn |9 314598 | ||
| 710 | 2 | |a MACCAFERRI CENTRAL EUROPE (Senica, Slovensko) |4 trl |9 492231 | |
| 852 | |a Štátna vedecká knižnica v Banskej Bystrici | ||
| 958 | |a OP | ||
| 958 | |a NB | ||
| 999 | |c 762292 |d 764222 | ||
| 952 | |a SNK |b SNK |y PREZ |7 0 |p 17A1251484 |o snkSTN EN 10223-3 |i snk2017/1544 |8 0 |0 0 |1 0 |4 0 |d 2017-01-18 |l 0 |r 2026-02-24 00:08:32 |w 2026-02-24 | ||
| 952 | |a SNK |b SNK |y PREZ |7 0 |p 17A1251485 |o snkSTN EN 10223-3 D1 |i snk2017/1545 |8 0 |0 0 |1 0 |4 0 |d 2017-01-18 |l 0 |r 2026-02-24 00:08:32 |w 2026-02-24 | ||


